|
|
|
|
| LEADER |
01677nam a2200457 a 4500 |
| 001 |
nkc20152658197 |
| 003 |
CZ PrNK |
| 005 |
20150807071700.0 |
| 007 |
ta |
| 008 |
150114s2014 xr a e 000 0 cze |
| 015 |
|
|
|a cnb002658197
|
| 020 |
|
|
|a 978-80-88000-03-7
|q (Zemědělský výzkum :
|q brož.)
|
| 035 |
|
|
|a (OCoLC)908821070
|
| 040 |
|
|
|a OLA001
|b cze
|
| 072 |
|
7 |
|a 632
|x Ochrana rostlin. Fytopatologie
|2 Konspekt
|9 24
|
| 080 |
|
|
|a 632.4
|2 MRF
|
| 080 |
|
|
|a 577.21
|2 MRF
|
| 080 |
|
|
|a (083.744)
|2 MRF
|
| 245 |
0 |
0 |
|a Metodika detekce Fusarium oxysporum pomocí druhově-specifické PCR :
|b uplatněná certifikovaná metodika /
|c Tereza Sabolová ... [et al.]
|
| 250 |
|
|
|a Vyd. 1.
|
| 260 |
|
|
|a Troubsko :
|b Zemědělský výzkum ve spolupráci s Agriprint Olomouc,
|c 2014
|
| 300 |
|
|
|a 39 s. :
|b barev. il. ;
|c 21 cm
|
| 490 |
1 |
|
|a Uplatněná certifikovaná metodika ;
|v 28/14
|
| 500 |
|
|
|a 200 výt.
|
| 504 |
|
|
|a Obsahuje bibliografii
|
| 650 |
0 |
7 |
|a fuzariózy
|7 ph462044
|2 czenas
|
| 650 |
0 |
7 |
|a houbové nemoci rostlin
|7 ph135689
|2 czenas
|
| 650 |
0 |
7 |
|a molekulární detekce
|7 ph514311
|2 czenas
|
| 650 |
0 |
9 |
|a fusarium diseases
|2 eczenas
|
| 650 |
0 |
9 |
|a fungal diseases of plants
|2 eczenas
|
| 650 |
0 |
9 |
|a molecular detection
|2 eczenas
|
| 655 |
|
7 |
|a certifikované metodiky
|7 fd806827
|2 czenas
|
| 655 |
|
9 |
|a certified methodology
|2 eczenas
|
| 700 |
1 |
|
|a Sabolová, Tereza
|7 ola2015865488
|4 aut
|
| 830 |
|
0 |
|a Metodika (Zemědělský výzkum)
|0 s
|
| 910 |
2 |
|
|a BOA001
|b 2-1350.276
|
| 928 |
9 |
|
|a Agriprint
|
| 990 |
|
|
|a BK
|
| 995 |
|
|
|a 01
|
| 991 |
|
|
|b 201508
|c NOV
|e n
|
| 996 |
6 |
|
|b 2610638486
|c 2-1350.276
|l MZK
|r Sklad / do 1 hodiny
|n 2
|p p.v.
|w 001513581
|u 000010
|a 1
|e BOA001
|j MZK50
|s P
|